[Event "III Miedzynarodowy Memorial Ireny Warakomskiej - Open B"]
[Site "Suwalki"]
[Date "2019.08.12"]
[Round "8.21"]
[White "Wilk, Igor "]
[Black "Kacprzak, Karol"]
[Result "1/2-1/2"]
[WhiteTitle ""]
[BlackTitle ""]
[WhiteElo "1600"]
[BlackElo "1973"]

1. e4 c5 2. Nf3 d6 3. d4 cxd4 4. Nxd4 Nf6 5. Nc3 a6 6. h4 e6 7. g4 d5 8. e5 Nfd7
9. f4 Nc6 10. Be3 Qc7 11. Qd2 Nxd4 12. Bxd4 b5 13. Bg2 Bb7 14. O-O Rc8 15. Rac1
Bc5 16. Ne2 Nb6 17. b3 O-O 18. c3 a5 19. Bxc5 Qxc5+ 20. Qd4 Ba6 21. Rfe1 Rc7 22.
f5 Rfc8 23. fxe6 fxe6 24. Qxc5 Rxc5 25. Nd4 Kf7 26. Bf1 Rxc3 27. Rxc3 Rxc3 28.
Kg2 a4 29. bxa4 Nxa4 30. Nxb5 Bxb5 31. Bxb5 Ra3 32. Rc1 Nc3 33. Bd3 Rxa2+ 34.
Kf3 Ra3 35. Kg2 g6 36. g5 d4 37. Kf3 Ra5 38. Kf4 Ra2 39. Rc2 Ra1 40. Rb2 Ra7 41.
Bc4 Rc7 42. Bd3 Kg7 43. Rb8 Rf7+ 44. Kg3 Nd5 45. Bc4 Rd7 46. Bd3 Ne7 47. Rb6 Nf5+
48. Kh3 Kf7 49. Bc4 Re7 50. Rc6 Ne3 51. Bb3 Nd5 52. Rd6 Nf4+ 53. Kg4 Nd3 54. Rxd4
Nxe5+ 55. Kf4 Nc6 56. Rd6 Na5 57. Ba2 Nb7 58. Rc6 Nd8 59. Rb6 Ra7 60. Bb3 Ke7
61. Ke5 Ra5+ 62. Ke4 Rf5 63. Ra6 Rb5 64. Bc4 Rb7 65. Kd4 Rd7+ 66. Ke4 Rc7 67.
Bb3 Rb7 68. Bc4 Rd7 69. Bb3 Rc7 70. Kf4 Rb7 71. Ba2 Rb4+ 72. Kg3 Rd4 73. Ra7+
Rd7 74. Ra6 Rc7 75. Kf4 Rb7 76. Kf3 Rb4 77. Kg3 Rd4 78. Ra7+ Rd7 79. Ra8 Kf7 80.
Kf4 Ke7 81. Kg3 1/2-1/2

[Event "III Miedzynarodowy Memorial Ireny Warakomskiej - Open B"]
[Site "Suwalki"]
[Date "2019.08.12"]
[Round "8.22"]
[White "Baranska, Monika "]
[Black "Rosol, Alexander "]
[Result "0-1"]
[WhiteTitle ""]
[BlackTitle ""]
[WhiteElo "1784"]
[BlackElo "1968"]

1. d4 Nf6 2. c4 g6 3. Nc3 Bg7 4. e4 d6 5. Nf3 O-O 6. Be2 e5 7. O-O exd4 8. Nxd4
Re8 9. f3 c6 10. Kh1 Nbd7 11. Bf4 Ne5 12. Qd2 Nh5 13. Bg5 f6 14. Be3 f5 15. exf5
gxf5 16. Bg5 Bf6 17. Bxf6 Qxf6 18. g4 Ng7 19. g5 Qg6 20. f4 Ng4 21. Rf3 h6 22.
h3 hxg5 23. hxg4 fxg4 24. Re3 Rxe3 25. Qxe3 Qh6+ 26. Kg1 gxf4 27. Qf2 g3 28. Qg2
Bd7 29. Bf3 Re8 30. Nc2 Nf5 31. Re1 Rf8 32. Bg4 Nh4 33. Qe2 f3 34. Be6+ Bxe6 0-1

[Event "III Miedzynarodowy Memorial Ireny Warakomskiej - Open B"]
[Site "Suwalki"]
[Date "2019.08.12"]
[Round "8.23"]
[White "Bojczewski, Mateusz"]
[Black "Koloczek, Maciej "]
[Result "1/2-1/2"]
[WhiteTitle ""]
[BlackTitle ""]
[WhiteElo "1836"]
[BlackElo "1958"]

1. e4 c5 2. Nf3 g6 3. d4 cxd4 4. Nxd4 Nc6 5. c4 Nf6 6. Nc3 Nxd4 7. Qxd4 d6 8. Be3
Bg7 9. f3 O-O 10. Qd2 Be6 11. b3 Qa5 12. Rc1 Rfc8 13. Be2 a6 14. Nd5 Qxd2+ 15.
Kxd2 Nxd5 16. cxd5 Bd7 17. Rc4 b5 18. Rxc8+ Rxc8 19. Rc1 Rxc1 1/2-1/2

[Event "III Miedzynarodowy Memorial Ireny Warakomskiej - Open B"]
[Site "Suwalki"]
[Date "2019.08.12"]
[Round "8.24"]
[White "Bartoszewicz, Marcin "]
[Black "Jagura, Norbert "]
[Result "1-0"]
[WhiteTitle ""]
[BlackTitle ""]
[WhiteElo "1950"]
[BlackElo "1786"]

1. e4 e6 2. d4 d5 3. exd5 exd5 4. Bd3 Bd6 5. Nf3 Ne7 6. O-O O-O 7. h3 h6 8. Nbd2
Be6 9. Re1 Nd7 10. Nf1 b6 11. c3 c5 12. Ne3 Qc7 13. Ng4 Bf4 14. Nge5 Bxe5 15.
Nxe5 Nxe5 16. Rxe5 cxd4 17. cxd4 Nc6 18. Re3 Nxd4 19. Rg3 Qe5 20. Bxh6 Qxg3 21.
fxg3 gxh6 22. Qh5 Rfe8 23. Rf1 Kg7 24. Qe5+ 1-0

[Event "III Miedzynarodowy Memorial Ireny Warakomskiej - Open B"]
[Site "Suwalki"]
[Date "2019.08.12"]
[Round "8.27"]
[White "Cwiek, Ryszard "]
[Black "Lada, Michal "]
[Result "1/2-1/2"]
[WhiteTitle ""]
[BlackTitle ""]
[WhiteElo "1800"]
[BlackElo "1928"]

1. e4 c6 2. d4 d5 3. exd5 Qxd5 4. Nf3 Nf6 5. c4 Qa5+ 6. Bd2 Qc7 7. Bd3 Nbd7 8.
Bc3 e6 9. O-O Bd6 10. Nbd2 O-O 11. Re1 c5 12. dxc5 Nxc5 13. Bc2 Be7 14. b4 Ncd7
15. Nd4 Nb6 16. Bb3 Rd8 17. Nb5 Qd7 18. Nf3 a6 19. Qxd7 Bxd7 20. Nbd4 Ba4 21.
Ne5 Bxb3 22. Nxb3 Rac8 23. c5 Nbd5 24. Bd2 Nd7 25. Nxd7 Rxd7 26. Rac1 Bf6 27.
Rc2 b6 28. Rec1 Rdc7 29. a3 Kf8 30. Kf1 Ke8 31. Ke2 bxc5 32. Rxc5 Bb2 33. Rxc7
Nxc7 34. Rc2 Bxa3 35. Nd4 Kd7 36. Ra2 Bxb4 37. Bxb4 Nd5 38. Bd2 Ra8 39. Nc2 Kd6
40. Nb4 Nc7 41. Be3 a5 42. Bb6 a4 43. Bxc7+ Kxc7 44. Nc2 Kd6 45. Na3 Kc5 46. Rb2
Ra7 47. Ke3 f6 48. Rb5+ Kc6 49. Rb4 Kc5 50. Rc4+ Kd5 51. Kd3 g5 52. Re4 Kc5 53.
Kc3 f5 54. Rb4 Kd5 55. f3 h5 56. Rb8 Kc6 57. Rb2 Kd7 58. Kb4 Ke7 59. Nb5 Ra6 60.
Nc3 Rb6+ 61. Nb5 Ra6 62. Re2 Kf6 63. Nc3 a3 64. Na4 e5 65. Kxa3 g4 66. Kb4 gxf3
67. gxf3 Kg5 68. Rxe5 Kf4 69. Rd5 Kxf3 70. Rxf5+ Kg4 71. Rf2 1/2-1/2

[Event "III Miedzynarodowy Memorial Ireny Warakomskiej - Open B"]
[Site "Suwalki"]
[Date "2019.08.12"]
[Round "8.28"]
[White "Bebnik, Malgorzata "]
[Black "Hasinski, Krystian "]
[Result "1/2-1/2"]
[WhiteTitle ""]
[BlackTitle ""]
[WhiteElo "1737"]
[BlackElo "1902"]

1. d4 d5 2. c4 c6 3. e3 Nf6 4. Nc3 g6 5. Nf3 Bg7 6. h3 O-O 7. Be2 Nbd7 8. O-O dxc4
9. Bxc4 Nb6 10. Bb3 Bf5 11. Re1 Nbd5 12. Nxd5 cxd5 13. Bd2 a5 14. Rc1 Ne4 15.
Bc2 Qb6 16. Bxe4 Bxe4 17. Bc3 Bxf3 18. Qxf3 e6 19. Rc2 Rfc8 20. Rec1 Rc6 21. Qd1
Rac8 22. Be1 a4 23. Rxc6 Rxc6 24. Rxc6 Qxc6 25. Bb4 e5 26. Bc3 e4 27. Qg4 Bf8
28. Qd1 b5 29. Qd2 Qc4 30. a3 h5 31. Bb4 Bg7 32. Bc3 Kh7 33. Bb4 f5 34. Bc5 Kh6
35. Bd6 g5 36. Bc5 Kg6 37. g3 Bf6 38. Kg2 Kh6 39. Bf8+ Kg6 40. Bc5 Bd8 41. Bb4
Bc7 42. Qc3 Qxc3 43. Bxc3 f4 44. g4 f3+ 45. Kg1 hxg4 46. hxg4 Bd8 47. Bb4 Kf6
48. Kf1 Be7 49. Kg1 Ke6 50. Kh1 Bd6 51. Kg1 Be7 52. Kh1 Bd6 53. Kg1 Bc7 54. Kh1
Bb6 55. Kg1 Bc7 56. Kh1 Bb6 1/2-1/2

[Event "III Miedzynarodowy Memorial Ireny Warakomskiej - Open B"]
[Site "Suwalki"]
[Date "2019.08.12"]
[Round "8.29"]
[White "Szczygiel, Jakub "]
[Black "Sapeta, Robert "]
[Result "0-1"]
[WhiteTitle ""]
[BlackTitle ""]
[WhiteElo "1809"]
[BlackElo "1896"]

1. d4 d6 2. c4 e5 3. dxe5 dxe5 4. Qxd8+ Kxd8 5. a3 Be6 6. b3 a5 7. Nc3 Nd7 8. Nf3
f6 9. g3 a4 10. Nxa4 Bxc4 11. bxc4 Rxa4 12. Nd2 Nc5 13. Bg2 c6 14. O-O Nh6 15.
Bb2 Bd6 16. Bc3 Kc7 17. Bb4 Rha8 18. Rac1 Nf5 19. Rfd1 Nd4 20. Kf1 Rd8 21. Rc3
f5 22. e3 Nde6 23. Bf3 e4 24. Be2 Be5 25. Rc2 Nd3 26. f3 c5 27. Bc3 Bxc3 28. Rxc3
Nb2 29. Rb1 Rxd2 30. Rb3 exf3 31. Bxf3 Nxc4 32. Rxb7+ Kd6 33. Be2 Nxe3+ 34. Ke1
Rad4 35. R1b6+ Ke5 0-1

[Event "III Miedzynarodowy Memorial Ireny Warakomskiej - Open B"]
[Site "Suwalki"]
[Date "2019.08.12"]
[Round "8.31"]
[White "Wasik, Mateusz "]
[Black "Milanowski, Jan"]
[Result "1/2-1/2"]
[WhiteTitle ""]
[BlackTitle ""]
[WhiteElo "1761"]
[BlackElo "1857"]

1. e4 d6 2. d4 c6 3. Nf3 Nf6 4. Nc3 Qc7 5. Be2 e5 6. O-O Be7 7. h3 O-O 8. Be3 Re8
9. Re1 Bf8 10. Nd2 a6 11. a4 a5 12. f4 Nfd7 13. Bc4 Na6 14. fxe5 dxe5 15. Rf1
Nf6 16. dxe5 Qxe5 17. Nf3 Qh5 18. Ng5 Be6 19. Nxe6 Qxd1 20. Raxd1 fxe6 21. Bg5
Nh5 22. g4 h6 23. Bh4 g5 24. Bxg5 hxg5 25. gxh5 Nc5 26. Rf6 Be7 27. Rg6+ Kh8 28.
Rh6+ Kg7 29. Rg6+ Kh8 30. Kf2 Rg8 31. Rh6+ Kg7 32. Rg6+ Kf7 33. Rxg8 Rxg8 34.
b3 Bf6 35. Ne2 Nxe4+ 36. Ke3 Nc5 37. Ng3 Rh8 38. Be2 Ke7 39. Bg4 b5 40. axb5 cxb5
41. Ne4 Nxe4 42. Kxe4 a4 43. bxa4 bxa4 44. Rb1 Rd8 45. Rb7+ Rd7 46. Rxd7+ Kxd7
47. Be2 1/2-1/2

[Event "III Miedzynarodowy Memorial Ireny Warakomskiej - Open B"]
[Site "Suwalki"]
[Date "2019.08.12"]
[Round "8.32"]
[White "Kacprzak, Kacper "]
[Black "Paprocki, Antoni "]
[Result "1/2-1/2"]
[WhiteTitle ""]
[BlackTitle ""]
[WhiteElo "1856"]
[BlackElo "1752"]

1. e4 c5 2. Nf3 d6 3. d4 cxd4 4. Qxd4 Nc6 5. Bb5 Bd7 6. Bxc6 Bxc6 7. Nc3 Nf6 8.
O-O e6 9. Qd3 Be7 10. Nd4 a6 11. Re1 O-O 12. h3 Qc7 13. a4 b6 14. Qc4 Rfc8 15.
Bf4 Bb7 16. Qxc7 Rxc7 17. e5 dxe5 18. Bxe5 Rd7 19. Rad1 Rad8 20. Nb3 Rxd1 21.
Rxd1 Rxd1+ 22. Nxd1 Bc6 23. a5 b5 24. Bd4 Nd5 1/2-1/2

[Event "III Miedzynarodowy Memorial Ireny Warakomskiej - Open B"]
[Site "Suwalki"]
[Date "2019.08.12"]
[Round "8.33"]
[White "Koziol, Pawel"]
[Black "Borowik, Wojciech"]
[Result "1/2-1/2"]
[WhiteTitle ""]
[BlackTitle ""]
[WhiteElo "1852"]
[BlackElo "1599"]

1. Nf3 Nf6 2. c4 g6 3. Nc3 Bg7 4. e4 O-O 5. d4 d6 6. Be2 e5 7. O-O Nc6 8. d5 Ne7
9. Ne1 Ne8 10. Nd3 f5 11. f3 f4 12. c5 g5 13. g4 Ng6 14. b4 Nh4 15. Bd2 h5 16.
h3 Qf6 17. Rf2 Qh6 18. Rh2 Kf7 19. cxd6 cxd6 20. Rc1 hxg4 21. fxg4 Bd7 22. Ne1
Bf6 23. Bb5 Bxb5 24. Nxb5 Bd8 25. Nf3 Bb6+ 26. Kh1 Nxf3 27. Qxf3 a6 28. Nc3 Qf6
29. Ne2 Qe7 30. Ng3 Ng7 31. Nf5 Nxf5 32. gxf5 Rh8 33. Be1 Rac8 34. Rxc8 Rxc8 35.
Qh5+ Kg7 36. Rg2 Bd8 37. h4 Qf7 38. Qf3 Rc1 39. Rg1 Kf8 40. hxg5 Bxg5 41. Qh3
Qf6 42. Qh5 1/2-1/2

[Event "III Miedzynarodowy Memorial Ireny Warakomskiej - Open B"]
[Site "Suwalki"]
[Date "2019.08.12"]
[Round "8.34"]
[White "Koseski, Damian"]
[Black "Bancarewicz, Aleks "]
[Result "1-0"]
[WhiteTitle ""]
[BlackTitle ""]
[WhiteElo "1846"]
[BlackElo "1773"]

1. d4 Nf6 2. c4 g6 3. Nc3 Bg7 4. e4 d6 5. f4 O-O 6. Nf3 Nfd7 7. Be2 e5 8. fxe5
dxe5 9. d5 a5 10. Bg5 f6 11. Be3 Na6 12. O-O Rf7 13. a3 Bf8 14. Rb1 b6 15. Qe1
Bc5 16. Bxc5 Ndxc5 17. Qg3 Bd7 18. Rf2 Qe7 19. h4 Nb7 20. h5 Rg7 21. h6 Rf7 22.
Nh4 Kh8 23. b4 axb4 24. axb4 Nxb4 25. Qxg6 Nc2 26. Qg3 Nd6 27. Bh5 Nd4 28. Bxf7
Qxf7 29. Rbf1 Rg8 30. Qh2 Ne8 31. Qxe5 Nf5 32. Rxf5 Rxg2+ 33. Nxg2 1-0

[Event "III Miedzynarodowy Memorial Ireny Warakomskiej - Open B"]
[Site "Suwalki"]
[Date "2019.08.12"]
[Round "8.37"]
[White "Sivickis, Wiktoria "]
[Black "Warcaba, Jakub "]
[Result "1/2-1/2"]
[WhiteTitle ""]
[BlackTitle ""]
[WhiteElo "1793"]
[BlackElo "1661"]

1. d4 Nf6 2. c4 g6 3. Nc3 d5 4. Bg5 Ne4 5. Bh4 Nxc3 6. bxc3 dxc4 7. e3 Be6 8. Ne2
Bg7 9. Nf4 Bd5 10. Qa4+ c6 11. Nxd5 Qxd5 12. Qb4 c5 13. Qxc4 Qxc4 14. Bxc4 Nc6
15. Rb1 O-O 16. Bd5 cxd4 17. cxd4 e6 18. Bf3 Rab8 19. O-O e5 20. Bg3 Rfc8 21.
Bxc6 Rxc6 22. dxe5 Re6 23. f4 b5 24. Rfc1 Re7 25. Rc5 Reb7 26. Rbc1 a5 27. Be1
Bf8 28. Rc8 b4 29. Rxb8 Rxb8 1/2-1/2

[Event "III Miedzynarodowy Memorial Ireny Warakomskiej - Open B"]
[Site "Suwalki"]
[Date "2019.08.12"]
[Round "8.38"]
[White "Kuleba, Ivan "]
[Black "Kutowski, Marcel "]
[Result "1/2-1/2"]
[WhiteTitle ""]
[BlackTitle ""]
[WhiteElo "1609"]
[BlackElo "1773"]

1. c4 c5 2. Nf3 Nc6 3. e3 e5 4. Nc3 Nf6 5. Be2 h6 6. O-O d5 7. cxd5 Nxd5 8. d4
Nxc3 9. bxc3 cxd4 10. cxd4 exd4 11. Nxd4 Nxd4 12. Qxd4 Qxd4 13. exd4 Be6 14. Bf3
O-O-O 15. Be3 Be7 16. d5 Bxd5 17. Bxd5 Rxd5 18. Bxa7 b5 19. a4 1/2-1/2

[Event "III Miedzynarodowy Memorial Ireny Warakomskiej - Open B"]
[Site "Suwalki"]
[Date "2019.08.12"]
[Round "8.39"]
[White "Jasinowicz, Waclaw "]
[Black "Wloch, Mikolaj "]
[Result "0-1"]
[WhiteTitle ""]
[BlackTitle ""]
[WhiteElo "1523"]
[BlackElo "1771"]

1. e4 c5 2. Nf3 d6 3. Bb5+ Bd7 4. Bxd7+ Nxd7 5. O-O g6 6. c3 Bg7 7. d4 Qc7 8. Bf4
e5 9. dxe5 dxe5 10. Be3 Ne7 11. Na3 O-O 12. Nb5 Qc6 13. Qd6 Qxb5 14. Qxe7 Bf6
15. Qd6 Rad8 16. b3 Rfe8 17. c4 Qa5 18. Rfd1 Be7 19. Qd5 Qc7 20. h3 Kg7 21. Qd2
Nb8 22. Bh6+ Kg8 23. Qc3 Nc6 24. Rd5 f6 25. g3 Nd4 26. Kh1 Kf7 27. Qd3 Qb6 28.
Rb1 Ne6 29. Bd2 Nc7 30. Rxd8 Rxd8 31. Qc3 Ne6 32. Be3 Nd4 33. b4 Qc6 34. Bxd4
cxd4 35. Qd3 b6 36. Nd2 Qa4 37. Rc1 a5 38. c5 bxc5 39. bxc5 Rc8 40. Qb3+ Qxb3
41. Nxb3 a4 42. Na5 Rxc5 43. Rxc5 Bxc5 0-1

[Event "III Miedzynarodowy Memorial Ireny Warakomskiej - Open B"]
[Site "Suwalki"]
[Date "2019.08.12"]
[Round "8.40"]
[White "Starosciak, Szymon "]
[Black "Kasperczyk, Szymon "]
[Result "0-1"]
[WhiteTitle ""]
[BlackTitle ""]
[WhiteElo "1762"]
[BlackElo "1728"]

1. e4 c5 2. Nf3 d6 3. d4 cxd4 4. Nxd4 Nf6 5. Nc3 a6 6. Be2 e5 7. Nb3 Be6 8. Be3
Be7 9. Nd5 Bxd5 10. exd5 O-O 11. O-O Nbd7 12. c4 Rc8 13. Rc1 Ne8 14. Qd2 f5 15.
f3 Nef6 16. Na5 Qc7 17. b4 Bd8 18. Rfd1 Kh8 19. a4 Nb6 20. Qa2 f4 21. Bf2 Qd7
22. Ra1 Re8 23. Rdc1 Qe7 24. Nb3 Nbd7 25. a5 g6 26. Rd1 Qg7 27. Rac1 g5 28. Qc2
g4 29. Qf5 gxf3 30. Bxf3 e4 31. Be2 f3 32. Bf1 Re5 33. Qf4 Nh5 34. Qd2 fxg2 35.
Be2 Rf5 36. Bxh5 Rxh5 37. Qd4 Ne5 38. Qxe4 Bh4 39. Bd4 Re8 40. Rd3 Bg5 41. Rc2
Rh4 42. Qxg2 Rxd4 43. Rxd4 Nf3+ 44. Qxf3 Be3+ 45. Kh1 Qg1# 0-1

[Event "III Miedzynarodowy Memorial Ireny Warakomskiej - Open B"]
[Site "Suwalki"]
[Date "2019.08.12"]
[Round "8.41"]
[White "Kalvaitis, Gintautas "]
[Black "Mazurek, Jakub "]
[Result "1-0"]
[WhiteTitle ""]
[BlackTitle ""]
[WhiteElo "1751"]
[BlackElo "1605"]

1. e4 c6 2. d4 d5 3. Nc3 dxe4 4. Nxe4 Bf5 5. Ng3 Bg6 6. h4 h6 7. h5 Bh7 8. Nf3
Nd7 9. Bd3 Bxd3 10. Qxd3 e6 11. Bf4 Bb4+ 12. c3 Be7 13. Ne4 Ndf6 14. Ng3 Nd5 15.
Bd2 Ngf6 16. Ne4 O-O 17. Ne5 Nxe4 18. Qxe4 Nf6 19. Qf3 Qd5 20. Qh3 c5 21. Be3
cxd4 22. Bxd4 Qe4+ 23. Kf1 Rad8 24. Qe3 Qc2 25. Qc1 Qf5 26. Qb1 Ne4 27. Nf3 Qxf3
28. gxf3 Nd2+ 29. Ke2 Nxb1 30. Raxb1 a6 31. Rbg1 f6 32. Rg4 Rd5 33. f4 Rf7 34.
Rg3 Bd6 35. Be3 Rb5 36. b4 Rc7 37. Bd2 Rf5 38. Rh4 Rc4 39. Rd3 Rd5 40. Be3 Rxd3
41. Kxd3 b5 42. a4 e5 43. f3 exf4 44. Bd4 Kf7 45. Rh1 Ke6 46. axb5 axb5 47. Ra1
Rc7 48. Ra6 Rb7 49. Bc5 Rd7 50. c4 bxc4+ 51. Kxc4 Ke7 52. Rxd6 Rxd6 53. Bxd6+
Kxd6 54. b5 f5 55. Kd4 Ke6 56. Kc5 Kd7 57. Kd5 Kc7 58. Kc5 Kb7 59. b6 Kb8 60.
Kc6 Kc8 61. b7+ Kb8 62. Kb6 1-0

[Event "III Miedzynarodowy Memorial Ireny Warakomskiej - Open B"]
[Site "Suwalki"]
[Date "2019.08.12"]
[Round "8.42"]
[White "Skawinski, Szymon"]
[Black "Sentowski, Sebastian "]
[Result "1/2-1/2"]
[WhiteTitle ""]
[BlackTitle ""]
[WhiteElo "1676"]
[BlackElo "1742"]

1. e4 c6 2. d4 d5 3. exd5 cxd5 4. Bd3 Nc6 5. c3 Nf6 6. Bf4 Bg4 7. Qb3 Qc8 8. Nd2
e6 9. Ngf3 Be7 10. O-O O-O 11. Rfe1 Bh5 12. Ng5 Bg6 13. Bxg6 hxg6 14. h4 Nh5 15.
Be3 Na5 16. Qc2 Bd6 17. Ndf3 Nf6 18. g3 Nc4 19. Bc1 b5 20. a4 b4 21. Ne5 Bxe5
22. dxe5 Nd7 23. Bf4 b3 24. Qe2 Re8 25. Kg2 f6 26. Nf3 Kf7 27. Rh1 Qb7 28. Kh2
Qc7 29. exf6 e5 30. Ng5+ Kf8 31. fxg7+ Kxg7 32. Bc1 Re7 33. Kg1 Nf6 34. Kg2 1/2-1/2

[Event "III Miedzynarodowy Memorial Ireny Warakomskiej - Open B"]
[Site "Suwalki"]
[Date "2019.08.12"]
[Round "8.43"]
[White "Szczotka, Klara"]
[Black "Burak, Vyacheslav"]
[Result "1-0"]
[WhiteTitle ""]
[BlackTitle ""]
[WhiteElo "1732"]
[BlackElo "1509"]

1. e4 c5 2. Nf3 d6 3. Bb5+ Bd7 4. Bxd7+ Qxd7 5. c4 g6 6. Nc3 Bg7 7. d4 cxd4 8.
Nxd4 Nc6 9. Be3 Rc8 10. b3 Nf6 11. f3 b6 12. Rc1 O-O 13. O-O e6 14. Nxc6 Qxc6
15. Nb5 Rcd8 16. Nxa7 Qb7 17. Nb5 d5 18. cxd5 exd5 19. e5 Nd7 20. f4 Qa8 21. a4
Rc8 22. Nd6 Rc6 23. Qd2 h5 24. Rfd1 Kh7 25. Rxc6 Qxc6 26. Qxd5 Qc3 27. Qd3 Qb4
28. Qc4 Qa5 29. Nxf7 Qa7 30. Ng5+ Kh8 31. Qe6 1-0

[Event "III Miedzynarodowy Memorial Ireny Warakomskiej - Open B"]
[Site "Suwalki"]
[Date "2019.08.12"]
[Round "8.44"]
[White "Wolagiewicz, Kinga "]
[Black "Kruczynski, Marek"]
[Result "1/2-1/2"]
[WhiteTitle ""]
[BlackTitle ""]
[WhiteElo "1650"]
[BlackElo "1723"]

1. e4 d6 2. d4 g6 3. Nc3 Bg7 4. Be3 Nf6 5. h3 O-O 6. Bc4 c6 7. a4 Nbd7 8. Nf3 Qc7
9. Qd2 e5 10. dxe5 dxe5 11. O-O Nh5 12. Bh6 Nf4 13. Bxg7 Kxg7 14. Ne2 Nxe2+ 15.
Qxe2 Nc5 16. Qe3 Ne6 17. Bxe6 Bxe6 18. Qc5 f6 19. Rfd1 Rfd8 20. b4 Kf7 21. Qc3
Rd7 22. Rd3 Rxd3 23. cxd3 a5 24. d4 exd4 25. Qxd4 axb4 26. Qxb4 c5 27. Qc3 Qa5
28. Qb2 Qb4 29. Qxb4 cxb4 30. a5 Rd8 31. Rb1 b3 32. Kf1 Ra8 33. Nd2 Rxa5 34. Nxb3
Rb5 35. Nd2 Rxb1+ 36. Nxb1 Bc4+ 37. Ke1 g5 38. g3 h5 39. h4 g4 40. Kd2 Ke6 41.
Ke3 Ke5 42. Nd2 Be6 43. f4+ gxf3 44. Nxf3+ Kd6 45. Kd4 b5 46. Ne1 b4 47. Nd3 b3
48. Kc3 Bf7 49. Nf2 Be6 50. Nd3 Bf7 51. Nf2 Be6 52. Nd3 Bf7 53. Nf2 1/2-1/2

[Event "III Miedzynarodowy Memorial Ireny Warakomskiej - Open B"]
[Site "Suwalki"]
[Date "2019.08.12"]
[Round "8.45"]
[White "Kupsik, Joanna "]
[Black "Czernecki, Andrzej "]
[Result "1-0"]
[WhiteTitle ""]
[BlackTitle ""]
[WhiteElo "1708"]
[BlackElo "1580"]

1. e4 c5 2. Nf3 d6 3. d4 cxd4 4. Nxd4 Nf6 5. Nc3 Nc6 6. f3 e5 7. Nb3 Be6 8. Bg5
Be7 9. Qd2 a5 10. Bb5 O-O 11. O-O-O d5 12. exd5 Nxd5 13. Bxe7 Ncxe7 14. Rhe1 Nxc3
15. Qxc3 Qb6 16. Qc5 Qxc5 17. Nxc5 Bf5 18. Rxe5 Rac8 19. Bd7 Bxd7 20. Nxd7 Nc6
21. Rb5 Rfe8 22. c3 h6 23. Rd2 Nb4 24. Kd1 Na6 25. Rxb7 Nc5 26. Nxc5 Rxc5 27.
Rdd7 Rce5 28. Rd2 Rh5 29. g3 Rf5 30. f4 g5 31. fxg5 hxg5 32. Rbd7 Kg7 33. R7d5
Rxd5 34. Rxd5 f6 35. Rxa5 Rh8 36. b4 Rxh2 37. b5 Kf7 38. b6 Rb2 39. Ra6 Ke7 40.
Kc1 Rb5 41. a4 Rd5 42. b7 Rd8 43. Ra8 1-0

[Event "III Miedzynarodowy Memorial Ireny Warakomskiej - Open B"]
[Site "Suwalki"]
[Date "2019.08.12"]
[Round "8.46"]
[White "Olszewski, Jan "]
[Black "Plesiuk, Jan "]
[Result "1/2-1/2"]
[WhiteTitle ""]
[BlackTitle ""]
[WhiteElo "1405"]
[BlackElo "1695"]

1. e4 d6 2. d4 g6 3. Nc3 Bg7 4. h3 c5 5. Nf3 cxd4 6. Nxd4 Nc6 7. Be3 Nf6 8. Bc4
O-O 9. Qd2 Bd7 10. O-O a6 11. a4 Qc7 12. Bb3 Rac8 13. Rfe1 Rfd8 14. Rad1 h5 15.
Nf3 Be8 16. Nh4 Na5 17. Ba2 Nc4 18. Bxc4 Qxc4 19. Qd4 Qxd4 20. Bxd4 Bc6 21. Nf3
Nd7 22. Bxg7 Kxg7 23. Nd4 Ne5 24. Re2 Be8 25. Nd5 Kf8 26. b3 Nc6 27. Nf3 f6 28.
Red2 Bf7 29. Nb6 Rb8 30. Kf1 Kg7 31. Ke2 Rh8 32. Ke3 Rbd8 1/2-1/2

[Event "III Miedzynarodowy Memorial Ireny Warakomskiej - Open B"]
[Site "Suwalki"]
[Date "2019.08.05"]
[Round "9.1"]
[White "Gawronski, Miroslaw"]
[Black "Musial, Tomasz"]
[Result "1/2-1/2"]
[WhiteElo "2076"]
[BlackElo "1935"]
[PlyCount "40"]
[EventDate "2019.??.??"]

1. d4 Nf6 2. Nf3 g6 3. Bf4 Bg7 4. h3 O-O 5. e3 d6 6. Be2 Nfd7 7. c4 e5 8. Bg3
Nc6 9. Nc3 f5 10. Nd5 e4 11. Bh4 Nf6 12. Nd2 h6 13. Bxf6 Bxf6 14. g3 Bg7 15. h4
Ne7 16. Nf4 c5 17. Nb3 b6 18. Qd2 Kf7 19. Rd1 Bb7 20. g4 Bf6 1/2-1/2

[Event "III Miedzynarodowy Memorial Ireny Warakomskiej - Open B"]
[Site "Suwalki"]
[Date "2019.08.05"]
[Round "9.3"]
[White "Skurniak, Szymon"]
[Black "Wierzbicki, Michal"]
[Result "1/2-1/2"]
[WhiteElo "1962"]
[BlackElo "1978"]
[PlyCount "79"]
[EventDate "2019.??.??"]

1. d4 Nf6 2. Bg5 e6 3. e4 d5 4. e5 h6 5. Be3 Nfd7 6. f4 b6 7. Nf3 c5 8. c3 Ba6
9. Bxa6 Nxa6 10. O-O g6 11. a3 b5 12. a4 b4 13. c4 Nb6 14. Nbd2 Nxc4 15. Nxc4
dxc4 16. Qc2 Nc7 17. Qxc4 Nd5 18. Bf2 Nxf4 19. dxc5 Nd5 20. Qb5+ Qd7 21. Nd2 a6
22. Qxd7+ Kxd7 23. Bd4 Rh7 24. Ne4 Kc6 25. Rac1 Rd8 26. Nd6 Bxd6 27. cxd6+ Kd7
28. Rf2 Rc8 29. Rxc8 Kxc8 30. Rc2+ Kb7 31. d7 Rh8 32. Rf2 Rd8 33. Rxf7 Kc7 34.
Bc5 Rxd7 35. Bd6+ Kc6 36. Rf8 b3 37. g3 Nb6 38. Rf4 Kd5 39. Rb4 Nc4 40. Rxb3
1/2-1/2

[Event "III Miedzynarodowy Memorial Ireny Warakomskiej - Open B"]
[Site "Suwalki"]
[Date "2019.08.05"]
[Round "9.4"]
[White "Kowalec, Maciej"]
[Black "Wojdak, Jan"]
[Result "0-1"]
[WhiteElo "2074"]
[BlackElo "1913"]
[PlyCount "102"]
[EventDate "2019.??.??"]

1. d4 d5 2. c4 e6 3. e3 c6 4. Nc3 Nf6 5. Qc2 Nbd7 6. Nf3 Bd6 7. Bd3 dxc4 8.
Bxc4 O-O 9. O-O e5 10. dxe5 Nxe5 11. Nxe5 Bxe5 12. f4 Bd6 13. Bd3 Re8 14. e4
Bc5+ 15. Kh1 Ng4 16. g3 Nf2+ 17. Rxf2 Bxf2 18. e5 h6 19. Ne4 Bd4 20. Nd6 Bg4
21. Bh7+ Kf8 22. Be4 Re7 23. Bd2 Qb6 24. Nc4 Qc7 25. Bg2 g6 26. Nd6 Rd8 27. h3
Bc8 28. Rc1 Rxd6 29. exd6 Qxd6 30. Bc3 Bxc3 31. Qxc3 Kg8 32. Re1 Rxe1+ 33. Qxe1
Qe6 34. Qa5 a6 35. Kh2 Qd6 36. Qb6 Qe7 37. b4 Be6 38. a4 Qd7 39. Qf2 Bd5 40.
Bxd5 cxd5 41. a5 d4 42. Qd2 d3 43. Kg2 Qd4 44. Kf3 f5 45. g4 Kf7 46. gxf5 gxf5
47. Qa2+ Ke7 48. Qg8 d2 49. Qh7+ Kd8 50. Qg8+ Kc7 51. Qf7+ Kb8 0-1

[Event "III Miedzynarodowy Memorial Ireny Warakomskiej - Open B"]
[Site "Suwalki"]
[Date "2019.08.05"]
[Round "9.5"]
[White "Szalko, Maciej"]
[Black "Jankowiak, Piotr"]
[Result "1-0"]
[WhiteElo "1931"]
[BlackElo "2033"]
[PlyCount "85"]
[EventDate "2019.??.??"]

1. d4 Nf6 2. c4 c5 3. Nf3 g6 4. g3 cxd4 5. Nxd4 d5 6. Bg2 e5 7. Nf3 e4 8. Nd4
Bb4+ 9. Nc3 O-O 10. O-O dxc4 11. Nxe4 Nxe4 12. Bxe4 Bc5 13. Nb5 Qb6 14. Nc3 Nc6
15. Na4 Qb5 16. Nxc5 Qxc5 17. Be3 Qe5 18. Qc2 Be6 19. Bf4 Qg7 20. Rfe1 g5 21.
Bd2 f5 22. Bg2 f4 23. gxf4 gxf4 24. Kh1 Kf7 25. Bxf4 Ke8 26. Qe4 Qe7 27. Rad1
Rd8 28. e3 Rg8 29. Bg3 Rxd1 30. Rxd1 Bg4 31. Qxc4 Be6 32. Qc3 h5 33. h4 Qf7 34.
a3 a6 35. b4 Qe7 36. Qd3 Kf7 37. Qe2 Bg4 38. Bd5+ Ke8 39. Bf3 Ne5 40. Bxg4 hxg4
41. Rd5 Nf3 42. Qc4 a5 43. Qb5+ 1-0

[Event "III Miedzynarodowy Memorial Ireny Warakomskiej - Open B"]
[Site "Suwalki"]
[Date "2019.08.05"]
[Round "9.6"]
[White "Karolczuk, Iwo"]
[Black "Paszkowski, Krystian"]
[Result "0-1"]
[WhiteElo "1987"]
[BlackElo "1746"]
[PlyCount "98"]
[EventDate "2019.??.??"]

1. e4 c5 2. Nf3 a6 3. c3 d5 4. exd5 Qxd5 5. d4 cxd4 6. cxd4 e6 7. Nc3 Bb4 8.
Be2 Ne7 9. O-O Bxc3 10. bxc3 Nbc6 11. Bf4 O-O 12. Qd2 Na5 13. Ne5 f6 14. c4 Qd8
15. Nf3 Nac6 16. Rfd1 g5 17. Bg3 g4 18. Ne1 e5 19. dxe5 Qxd2 20. Rxd2 fxe5 21.
Nc2 Ng6 22. Rd6 Kg7 23. Ne3 h5 24. Bd3 Nce7 25. Nd5 Nf5 26. Bxf5 Bxf5 27. f3
gxf3 28. gxf3 h4 29. Bf2 Bh3 30. Kh1 Rxf3 31. Rg1 Bf5 32. Bxh4 Kh7 33. Nf6+ Kh8
34. Bg3 Rf8 35. Kg2 Rd3 36. Rb6 Kg7 37. Nd5 Be4+ 38. Kh3 Nf4+ 39. Nxf4 exf4 40.
Re1 Bc6 41. Rb2 fxg3 42. hxg3 Rd4 43. Re7+ Kf6 44. Rh7 Kg6 45. Rh4 Rxh4+ 46.
Kxh4 Rf1 47. Rd2 Kf5 48. g4+ Kf4 49. Rd4+ Be4 0-1